Procurement (Record no. 111518)

MARC details
000 -LEADER
fixed length control field 01102cad a22002055a 4500
001 - CONTROL NUMBER
control field L151655
008 - FIXED-LENGTH DATA ELEMENTS--GENERAL INFORMATION
fixed length control field 101125s2010 xxk f 000 0 eng d
035 ## - SYSTEM CONTROL NUMBER
System control number (Sirsi) u151655
041 0# - LANGUAGE CODE
Language code of text/sound track or separate title eng
050 04 - LIBRARY OF CONGRESS CALL NUMBER
Classification number 692.8 $1 8
110 2# - MAIN ENTRY--CORPORATE NAME
Corporate name or jurisdiction name as entry element National Federation of Builders
9 (RLIN) 4086
245 00 - TITLE STATEMENT
Title Procurement
Remainder of title the roadblocks to success
Medium [electronic resource]
260 ## - PUBLICATION, DISTRIBUTION, ETC.
Place of publication, distribution, etc. Crawley
Name of publisher, distributor, etc. NFB
Date of publication, distribution, etc. 2010
520 ## - SUMMARY, ETC.
Summary, etc. The report of a major survey into construction industry procurement; examines the effects of the implementation of public sector procurement policy on SMEs across construction sectors and identifies early trends; the survey was undertaken by the National Federation of Builders with the participation of the Federation of Master Builders, the Electrical Contractors Association and the National Specialist Contractors Council.
590 ## - LOCAL NOTE (RLIN)
Local note KA NTK
651 #4 - SUBJECT ADDED ENTRY--GEOGRAPHIC NAME
Geographic name United Kingdom
Chronological subdivision
690 ## - LOCAL SUBJECT ADDED ENTRY--TOPICAL TERM (OCLC, RLIN)
Topical term or geographic name as entry element Procurement
9 (RLIN) 6260
856 40 - ELECTRONIC LOCATION AND ACCESS
Uniform Resource Identifier <a href="https://www.builders.org.uk/resources/nfb/000/293/007/NFB_Procurement_Survey_2010_lores.pdf">https://www.builders.org.uk/resources/nfb/000/293/007/NFB_Procurement_Survey_2010_lores.pdf</a>
Public note View the item free of charge at www.builders.org.uk/nfb09/home.eb
942 ## - ADDED ENTRY ELEMENTS (KOHA)
Suppress in OPAC 0
Holdings
Withdrawn status Lost status Source of classification or shelving scheme Damaged status Not for loan Home library Current library Shelving location Date acquired Total Checkouts Full call number Barcode Date last seen Copy number Price effective from Koha item type
    Dewey Decimal Classification     Virtual Virtual Online 25/11/2010   ONLINE PUBLICATION 151655-1001 06/08/2019 1 06/08/2019 Book